|
|
|
|
| LEADER |
00614 a2200193 4500 |
| 005 |
20151026133257.0 |
| 008 |
140611b xxu||||| |||| 00| 0 eng d |
| 020 |
|
|
|a 9781107005839
|
| 080 |
|
|
|a 577.32
|b LEA
|
| 100 |
|
|
|a Leake, Mark C
|
| 245 |
|
|
|a Single-molecule cellular biophysics
|
| 260 |
|
|
|c 2013
|b Cambridge University Press
|a Cambridge
|
| 300 |
|
|
|a xiii, 275p.
|
| 653 |
|
|
|a Biophysics
|
| 653 |
|
|
|a Cytology
|
| 653 |
|
|
|a Single molecule biophysics
|
| 942 |
|
|
|c BK
|6 _
|
| 999 |
|
|
|c 67011
|d 67011
|
| 952 |
|
|
|0 0
|1 0
|2 udc
|4 0
|6 57732_LEA
|7 0
|9 79279
|a UL
|b UL
|d 2014-01-21
|g 0.00
|o 577.32 LEA
|p 00070687
|r 2014-02-06
|v 0.00
|w 2014-01-21
|y BK
|